|
|
|
|
| LEADER |
02236nam a2200325 4500 |
| 001 |
41352 |
| 003 |
BD-DhAAL |
| 005 |
20230716164410.0 |
| 008 |
230716t2005 enka|||| b||| 001 0 eng d |
| 020 |
|
|
|a 0857287281
|
| 040 |
|
|
|a BD-DhAAL
|d BD-DhAAL
|
| 082 |
|
|
|2 22
|a 332.153
|
| 245 |
|
|
|a The IMF and the World Bank at sixty /
|c edited by Ariel Buira for the G-24 Research Programme.
|
| 246 |
|
|
|a International Monetary Fund and World Bank at sixty
|
| 246 |
|
|
|a IMF and the World Bank at 60
|
| 260 |
|
|
|a London :
|b Anthem,
|c 2005.
|
| 300 |
|
|
|a xiii, 347 pages :
|b ill. ;
|c 24 cm.
|
| 504 |
|
|
|a Includes bibliographical references and index.
|
| 505 |
|
|
|a Introduction / Ariel Buira -- The IMF at sixty : an unfulfilled potential? / Ariel Buira -- Conditionality and its alternatives / Devesh Kapur -- Mission creep, mission push and discretion : the case of IMF conditionality / Sarah Babb and Ariel Buira -- Up from sin : a portfolio approach to salvation / Randall Dodd and Shari Spiegel -- Trip wires and speed bumps : managing financial risks and reducing the potential for financial crises in developing economies / Ilene Grabel -- A fiscal insurance scheme for the Eastern Caribbean Currency Union / Laura dos Reis -- Who pays for the World Bank? / Aziz Ali Mohammed -- Reinventing industrial strategy : the role of government policy in building industrial competitiveness / Sanjaya Lall -- Assessing the risks in the private provision of essential services / Tim Kessler -- How well do measurements of an enabling domestic environment for development stand up? / Barry Herman -- The cocoa market under neoliberalism / Irfan ul Haque.
|
| 541 |
|
|
|a Donated by Akbar Ali Khan
|e 41352
|
| 610 |
|
|
|a World Bank.
|
| 610 |
|
|
|a International Monetary Fund.
|
| 650 |
|
|
|a International finance.
|
| 650 |
|
|
|a Economic development.
|
| 700 |
|
|
|a Buira, Ariel.
|9 55082
|
| 710 |
|
|
|a Group of Twenty-four.
|b Research Program.
|9 55083
|
| 852 |
|
|
|a Ayesha Abed Library
|c Akbar Ali Khan Collection
|
| 942 |
|
|
|2 ddc
|c BK
|
| 999 |
|
|
|c 45976
|d 45976
|
| 952 |
|
|
|0 0
|1 0
|2 ddc
|4 0
|6 332_000000000000000_153IMF
|7 1
|9 73961
|a BRACUL
|b BRACUL
|c AAKC
|d 2023-07-16
|g 2071.42
|l 0
|o 332.153IMF
|p 3010041352
|r 2023-07-16
|t 1
|w 2023-07-16
|y BK
|x Price available in book €16.99.
|